| 000 | 00430cam a22001217a 4500 | ||
|---|---|---|---|
| 008 | 180718b1975 xxu||||| |||| 00| 0 eng d | ||
| 082 | _aZx52 H323 | ||
| 100 | _aHayami, Yujiro...[et.al.] | ||
| 245 |
_aCentury of agricultural growth in Japan: its relevance to Asian development _cby Yujiro Hayami...[et.al.] |
||
| 260 |
_aTokyo _bUniversity of Tokyo Press _c1975 |
||
| 300 | _a248p. | ||
| 650 | _aAgriculture --Economic aspects --Japan | ||
| 999 |
_c345828 _d345828 |
||